| 000 | 00458nam a2200169Ia 4500 | ||
|---|---|---|---|
| 001 | IA_ | ||
| 002 | 1999 Coordinación: Fernando Pérez Pelayo | ||
| 008 | 220117s xx 000 0 und d | ||
| 010 | _a185339 | ||
| 090 | _aT.C.289 P47 1999 | ||
| 100 |
_aPérez Pelayo _9159241 |
||
| 650 |
_aFruit juices _9148232 |
||
| 650 |
_aJugos de frutas _962314 |
||
| 700 |
_aPérez Pelayo _9159241 |
||
| 942 | _ccoord. \ Barajas Ramírez | ||
| 999 |
_c185339 _d185339 |
||